Normal view
MARC view
- بولطيف، لخضر محمد
Entry Personal Name
001 - CONTROL NUMBER
- control field: 52487
003 - CONTROL NUMBER IDENTIFIER
- control field: JO-AjAnu
005 - DATE AND TIME OF LATEST TRANSACTION
- control field: 20230606082628.0
008 - FIXED-LENGTH DATA ELEMENTS
- fixed length control field: 230606|| aca||aabn | a|a d
040 ## - CATALOGING SOURCE
- Original cataloging agency: JO-AjAnu
- Transcribing agency: JO-AjAnu
100 ## - HEADING--PERSONAL NAME
- Personal name: بولطيف، لخضر محمد
670 ## - SOURCE DATA FOUND
- Source citation: Work cat.: (JO-AjAnu)26821: بولطيف، لخضر محمد, author, فقهاء المالكية والتجربة السياسية الموحدية في الغرب الإسلامي 510-668هـ / 1116-1269م